[Event "Cto de Aragon por Equipos – Preferente Grupo I"]
[Site ""]
[Date "2022.03.05"]
[Round "6.40"]
[White "Malo Guillen, Jose Luis"]
[Black "Flores Samperiz, Jorge"]
[Result "1-0"]
[WhiteElo "2118"]
[BlackElo "1939"]
[PlyCount "0"]
[WhiteTeam "Las Fuentes"]
[BlackTeam "Helios B"]
[EventDate "2022.01.29"]

1. d4 Nf6 2. c4 e6 3. Nf3 d5 4. Nc3 Be7 5. Bf4 c6 6. e3 O-O 7. Qc2 Nbd7 8. Rd1
a6 9. c5 b6 10. b4 a5 11. a3 axb4 12. axb4 bxc5 13. bxc5 Qa5 14. Bd3 Ne4 15.
Bxe4 dxe4 16. Nd2 Ba6 17. Ncxe4 e5 18. Bxe5 Nxe5 19. dxe5 Rad8 20. Nd6 Bxd6 21.
exd6 f5 22. f4 Bb5 23. Kf2 Rde8 24. Nb3 Qd8 25. Nd4 Re4 26. Qb3+ Kh8 27. Nxb5
cxb5 28. Qxb5 g5 29. Qb2+ Kg8 30. Qb3+ Kh8 31. Qc3+ Kg8 32. g3 gxf4 33. exf4
Qe8 34. Rhe1 Qh5 35. Kg1 Rd8 36. c6 Re2 37. Qc4+ 1-0

[Event "Cto de Aragon por Equipos – Preferente Grupo I"]
[Site ""]
[Date "2022.03.05"]
[Round "6.41"]
[White "Carraminana Lopez, Luis Antonio"]
[Black "Brosa Soto, Jesus"]
[Result "1-0"]
[WhiteElo "1910"]
[BlackElo "1966"]
[PlyCount "0"]
[WhiteTeam "Helios B"]
[BlackTeam "Las Fuentes"]
[EventDate "2022.01.29"]

1. e4 e5 2. Nf3 Nf6 3. Nc3 Bb4 4. Bd3 d6 5. O-O a5 6. Ne2 Nc6 7. c3 Bc5 8. Ng3
h5 9. Bc2 Bb6 10. d4 Bg4 11. h3 Bxf3 12. Qxf3 exd4 13. Nf5 Ne5 14. Qg3 g6 15.
Nxd4 h4 16. Qg5 Nfd7 17. Qe3 Qf6 18. Qg5 Qg7 19. Nf5 Qf6 20. Nd4 Rh5 21. Qxf6
Nxf6 22. Re1 O-O-O 23. Bd1 Rh7 24. Bg5 Ned7 25. Bg4 Nxg4 26. Bxd8 Kxd8 27. hxg4
Ne5 28. g5 h3 29. gxh3 Bxd4 30. cxd4 Nf3+ 31. Kg2 Nxe1+ 32. Rxe1 c5 33. dxc5
dxc5 34. a4 Kc7 35. Rd1 Rh8 36. f4 Rb8 37. Kf3 b5 38. axb5 Rxb5 39. Rd2 Rb3+
40. Kg4 Re3 41. e5 a4 42. h4 Re4 43. Rf2 c4 44. h5 gxh5+ 45. Kxh5 Kd7 46. g6
fxg6+ 47. Kxg6 Ke6 48. Kg5 Re3 49. Kg4 a3 50. bxa3 Rxa3 51. Re2 c3 52. f5+ Ke7
53. Kg5 Ra4 54. Rh2 Rc4 55. Rc2 Kf7 56. Kh5 Rc5 57. Kg5 Rxe5 58. Rxc3 Re7 59.
Rc6 Rd7 60. Rh6 Kg8 61. Ra6 Kf7 62. Ra8 Kg7 63. Rb8 Ra7 64. Rb6 Rc7 65. Rg6+
Kh7 66. Rh6+ Kg8 67. Kg6 Rc2 68. Rh3 Rg2+ 69. Kf6 Rc2 70. Rg3+ Kh7 71. Re3 Rc7
72. Re7+ 1-0

[Event "Cto de Aragon por Equipos – Preferente Grupo I"]
[Site ""]
[Date "2022.03.05"]
[Round "6.42"]
[White "Matamoros Villarreal, Antonio"]
[Black "Lacamara Pasamar, Miguel"]
[Result "0-1"]
[WhiteElo "1883"]
[BlackElo "1769"]
[PlyCount "0"]
[WhiteTeam "Las Fuentes"]
[BlackTeam "Helios B"]
[EventDate "2022.01.29"]

1. d4 c5 2. dxc5 Nf6 3. Nc3 e6 4. e4 Bxc5 5. Bd3 Qb6 6. Qe2 Nc6 7. Nf3 Nd4 8.
Nxd4 Bxd4 9. O-O Bxc3 10. bxc3 Qc7 11. c4 b6 12. e5 Ng8 13. Qg4 Qxe5 14. Bf4
Qd4 15. c3 Qxd3 16. Qxg7 Qg6 17. Qxh8 Bb7 18. f3 f6 19. Bh6 Kf7 20. Rad1 Bc6
21. Qg7+ Qxg7 22. Bxg7 Kxg7 23. Kf2 Ne7 24. g4 Ng6 25. Rd4 Ne5 26. Kg2 Kf7 27.
Rf2 Rg8 28. h3 h5 29. Kg3 h4+ 30. Kg2 f5 31. Rf4 Nd3 0-1

[Event "Cto de Aragon por Equipos – Preferente Grupo I"]
[Site ""]
[Date "2022.03.05"]
[Round "6.43"]
[White "Lorente Melcon, Nicolas"]
[Black "Querol Soro, Sergio"]
[Result "1-0"]
[WhiteElo "1707"]
[BlackElo "1845"]
[PlyCount "0"]
[WhiteTeam "Helios B"]
[BlackTeam "Las Fuentes"]
[EventDate "2022.01.29"]

1. e4 g6 2. d4 Bg7 3. Nc3 d6 4. f4 b6 5. Nf3 Bb7 6. Bc4 Nd7 7. O-O c5 8. d5 a6
9. a4 Qc7 10. Qe2 b5 11. axb5 a5 12. Na4 Nb6 13. Nxb6 Qxb6 14. Qd3 Bc8 15. Ra2
Nf6 16. Kh1 O-O 17. Be3 Bd7 18. Rfa1 Ra7 19. Bd2 Rfa8 20. Qe2 Ne8 21. Bd3 a4
22. c4 a3 23. Rxa3 Bxb2 24. Rxa7 Rxa7 25. Rxa7 Qxa7 26. Be1 Qa1 27. Qc2 Bg4 28.
Qb1 Qa3 29. h3 Bxf3 30. gxf3 Nf6 31. b6 Nd7 32. b7 Nb8 33. Kg2 Kf8 34. Bf1 Ke8
35. Qd3 Qa7 36. Qb3 Bf6 37. Qb5+ Kf8 38. Ba5 Bh4 39. Be2 e5 1-0

[Event "Cto de Aragon por Equipos – Preferente Grupo I"]
[Site ""]
[Date "2022.03.05"]
[Round "6.44"]
[White "Sanjuan Segura, Ignacio"]
[Black "Planas Torrea, Francisco Javier"]
[Result "1-0"]
[WhiteElo "1681"]
[BlackElo "2076"]
[PlyCount "0"]
[WhiteTeam "Palacio De Pioneros D"]
[BlackTeam "Ejea"]
[EventDate "2022.01.29"]


1. c4 Nf6 2. Nc3 g6 3. e4 d6 4. d4 Bg7 5. Nf3 O-O 6. Be3 Nbd7 7. Nd2 e5 8. d5
a5 9. Be2 Nc5 10. g4 b6 11. h4 Ne8 12. Qc2 h6 13. O-O-O a4 14. Bxc5 bxc5 15.
Nxa4 Bd7 16. Nc3 c6 17. Kb1 cxd5 18. Nxd5 Nf6 19. f3 Nxd5 20. cxd5 Qa5 21. b3
Rfb8 22. Nc4 Qc7 23. g5 h5 24. Kb2 Bf8 25. Ra1 Ra7 26. Kc3 Bb5 27. Rhb1 Be7 28.
a4 Bxc4 29. Bxc4 Qd7 30. a5 Kh7 31. a6 f6 32. gxf6 Bxf6 33. Qf2 Rf8 34. Qg3 Bg7
35. Ra5 Bh6 36. Kd3 Rf4 37. Rg1 Qf7 38. Ke2 Qf8 39. Rb5 Qg7 40. Rb7 Rf7 41.
Rxa7 Rxa7 42. Qh3 Qf6 43. Qe6 Bg7 44. Qxf6 Bxf6 45. Rh1 Bd8 46. Kf2 Ba5 47. Ra1
Bc3 48. Ra4 Kh6 49. Bb5 Kg7 50. Bc6 Kf6 51. Bb7 Bd4+ 52. Kg3 Bc3 53. Rc4 Be1+
54. Kh3 Bd2 55. Rc2 Be1 56. Rc1 Bd2 57. Rb1 Bc3 58. Kg3 Bd2 59. Kf2 Bc3 60. Ke2
Bb4 61. Rg1 Bc3 62. Kd3 Bb4 63. Kc4 Bd2 64. Kb5 Be3 65. Rg2 Bd4 66. Kc6 c4 67.
bxc4 Bc5 68. Kc7 Kf7 69. Kb8 Kf6 70. Rb2 g5 71. hxg5+ Kxg5 72. Rb5 Bd4 73. c5
Bxc5 74. Rxc5 1-0

[Event "Cto de Aragon por Equipos – Preferente Grupo I"]
[Site ""]
[Date "2022.03.05"]
[Round "6.45"]
[White "Planas Torrea, Alberto"]
[Black "Martinez Arbones, Victor"]
[Result "1-0"]
[WhiteElo "1905"]
[BlackElo "1564"]
[PlyCount "0"]
[WhiteTeam "Ejea"]
[BlackTeam "Palacio De Pioneros D"]
[EventDate "2022.01.29"]

1. e4 e6 2. d4 d5 3. e5 c5 4. c3 Nc6 5. Nf3 Qb6 6. Be2 Nge7 7. Na3 cxd4 8. cxd4
a6 9. Nc2 Nf5 10. g4 Nh6 11. Rg1 Bb4+ 12. Kf1 Be7 13. a3 f5 14. exf6 Bf8 15.
Bxh6 gxh6 16. b4 Bd6 17. Qd2 Bd7 18. Qxh6 O-O-O 19. Qe3 Qc7 20. h4 Bf4 21. Qc3
Rdf8 22. g5 h6 23. a4 e5 24. b5 exd4 25. Nfxd4 Nxd4 26. Qxc7+ Kxc7 27. Nxd4 a5
28. Bg4 hxg5 29. Bxd7 Kxd7 30. hxg5 Rhg8 31. Nf3 Kd6 32. Rd1 Rf7 33. Rd4 Bc1
34. Ke2 Bb2 35. Rf4 Ke6 36. Kd3 Ba3 37. Nd4+ Ke5 38. Rf5+ Kd6 39. g6 Kd7 40.
Rxd5+ 1-0

[Event "Cto de Aragon por Equipos – Preferente Grupo I"]
[Site ""]
[Date "2022.03.05"]
[Round "6.46"]
[White "Crespo Laborda, Alberto"]
[Black "Merin Flores, Miguel Angel"]
[Result "1-0"]
[WhiteElo "1552"]
[BlackElo "1710"]
[PlyCount "0"]
[WhiteTeam "Palacio De Pioneros D"]
[BlackTeam "Ejea"]
[EventDate "2022.01.29"]

1. d4 d5 2. Nf3 Nf6 3. e3 Bg4 4. Bd3 e6 5. b3 Bd6 6. Bb2 Nbd7 7. Nbd2 O-O 8. h3
Bxf3 9. Nxf3 Re8 10. Ne5 Nf8 11. O-O c6 12. c4 Rc8 13. Qc2 Qe7 14. a3 Bb8 15.
g4 N6d7 16. f4 Qh4 17. Qg2 Qe7 18. g5 Nxe5 19. fxe5 Red8 20. h4 c5 21. cxd5
Rxd5 22. Be4 Rd7 23. Rac1 Rcc7 24. d5 exd5 25. Bxd5 Ne6 26. e4 Rc8 27. Qf2 Rcd8
28. Qc2 b5 29. Qe2 a6 30. Rf5 g6 31. Rf6 Kg7 32. Qg4 Rxd5 33. exd5 Rxd5 34.
Rcf1 Nd8 35. Rd6 Rxe5 36. Rd5 Kg8 37. Bxe5 Bxe5 38. Rfd1 Nc6 39. Qc8+ Kg7 40.
Qxc6 Bd4+ 41. R5xd4 Qe3+ 42. Kg2 cxd4 43. Qf6+ Kg8 44. Qxd4 Qxb3 45. Qd8+ 1-0

[Event "Cto de Aragon por Equipos – Preferente Grupo I"]
[Site ""]
[Date "2022.03.05"]
[Round "6.47"]
[White "Galvez Longas, Isaac"]
[Black "Herranz Gracia, Diego"]
[Result "1-0"]
[WhiteElo "1702"]
[BlackElo "1460"]
[PlyCount "0"]
[WhiteTeam "Ejea"]
[BlackTeam "Palacio De Pioneros D"]
[EventDate "2022.01.29"]


1. d4 Nf6 2. Bf4 d5 3. e3 e6 4. Bd3 Bd6 5. Bg3 c5 6. c3 Qc7 7. Nd2 Nbd7 8. Ngf3
O-O 9. Bxd6 Qxd6 10. O-O e5 11. dxc5 Nxc5 12. Nc4 Qe7 13. Ncxe5 Nxd3 14. Nxd3
Bg4 15. h3 Be6 16. Nf4 h6 17. Nxe6 Qxe6 18. Qd4 Rfe8 19. Qh4 Qf5 20. Nd4 Qg6
21. Qf4 Ne4 22. Qf5 Qd6 23. Qf4 Qg6 24. Rfd1 Ng5 25. Qf5 Qd6 26. Nf3 Nxf3+ 27.
Qxf3 Re5 28. Rd4 Qe6 29. Rad1 Rd8 30. c4 Rf5 31. Qg4 Qf6 32. f4 Re8 33. Qf3 Qg6
34. g4 dxc4 35. Rxc4 Rb5 36. b3 b6 37. Rc6 Qe4 38. Qxe4 Rxe4 39. Kf2 Ra5 40.
Rd2 Re7 41. h4 f6 42. h5 Kf7 43. f5 Rae5 44. Rd3 Ra5 45. a4 Rae5 {Ilegible} 1-0

[Event "Cto de Aragon por Equipos – Preferente Grupo I"]
[Site ""]
[Date "2022.03.05"]
[Round "6.48"]
[White "Muro Guerrero, Miguel"]
[Black "Garcia Lopez, Alberto Jose"]
[Result "1-0"]
[WhiteElo "1906"]
[BlackElo "1843"]
[PlyCount "0"]
[WhiteTeam "Dr. Azua"]
[BlackTeam "Delicias B"]
[EventDate "2022.01.29"]

1. e4 d6 2. d4 Nf6 3. Nc3 g6 4. g3 Bg7 5. Bg2 O-O 6. Nge2 c6 7. a4 e5 8. h3
Nbd7 9. O-O Qe7 10. Be3 Re8 11. g4 exd4 12. Bxd4 Nc5 13. Ng3 Ne6 14. Be3 Nd7
15. f4 Ndc5 16. Qd2 Nc7 17. Bd4 Bf8 18. f5 Qh4 19. Qf2 gxf5 20. exf5 Bh6 21.
Qf3 Qd8 22. Nh5 Nd7 23. Ne4 Nd5 24. c4 Ne5 25. Bxe5 Rxe5 26. cxd5 Qb6+ 27. Kh1
cxd5 28. Nef6+ Kh8 29. Rae1 d4 30. Rxe5 dxe5 31. Qd5 1-0

[Event "Cto de Aragon por Equipos – Preferente Grupo I"]
[Site ""]
[Date "2022.03.05"]
[Round "6.49"]
[White "Gaspar Calvo, Luis Alberto"]
[Black "Garcia Garcia, Enrique"]
[Result "1-0"]
[WhiteElo "1835"]
[BlackElo "1788"]
[PlyCount "0"]
[WhiteTeam "Delicias B"]
[BlackTeam "Dr. Azua"]
[EventDate "2022.01.29"]

1. c4 c5 2. Nc3 Nc6 3. g3 g6 4. Bg2 Bg7 5. Nf3 e6 6. d4 cxd4 7. Nb5 d5 8. cxd5
exd5 9. Nbxd4 Nge7 10. O-O O-O 11. b3 Nf5 12. Bg5 Qa5 13. Nxc6 bxc6 14. Rc1
Qxa2 15. Rxc6 Be6 16. g4 Nh6 17. h3 Kh8 18. Nd4 Rae8 19. Qd3 Bc8 20. Bxd5 Re5
21. Bxh6 Bxh6 22. Qc3 Bg7 23. Rxc8 Rxd5 24. Rxf8+ Bxf8 25. Ra1 1-0

[Event "Cto de Aragon por Equipos – Preferente Grupo I"]
[Site ""]
[Date "2022.03.05"]
[Round "6.50"]
[White "Abenia Porroche, Roberto"]
[Black "Hernandez Bolea, Jorge"]
[Result "1-0"]
[WhiteElo "1670"]
[BlackElo "1245"]
[PlyCount "0"]
[WhiteTeam "Dr. Azua"]
[BlackTeam "Delicias B"]
[EventDate "2022.01.29"]

1. Nf3 Nf6 2. g3 Nc6 3. d4 e6 4. Bg2 d5 5. O-O Bd6 6. c3 O-O 7. Qc2 e5 8. dxe5
Nxe5 9. Nxe5 Bxe5 10. Rd1 c6 11. c4 Re8 12. cxd5 cxd5 13. Qb3 Qc7 14. Bg5 Qc4
15. Bxd5 Qxb3 16. axb3 Nxd5 17. Rxd5 Bxb2 18. Ra2 Be6 19. Rb5 a6 20. Rxb7 Bd5
21. Rd7 Rxe2 22. Rxd5 f6 23. Kf1 Rae8 24. Be3 1-0

[Event "Cto de Aragon por Equipos – Preferente Grupo I"]
[Site ""]
[Date "2022.03.05"]
[Round "6.51"]
[White "Martinez Blanco, Ruben"]
[Black "Casanova Gracia, Luis"]
[Result "1-0"]
[WhiteElo "1051"]
[BlackElo "1566"]
[PlyCount "0"]
[WhiteTeam "Delicias B"]
[BlackTeam "Dr. Azua"]
[EventDate "2022.01.29"]

1. d4 d5 2. c4 dxc4 3. Nf3 Nf6 4. g3 c5 5. e3 cxd4 6. exd4 Nc6 7. Bg2 e5 8. O-O
e4 9. Re1 Be7 10. Ng5 Qxd4 11. Nxe4 Nxe4 12. Bxe4 Qxd1 13. Rxd1 O-O 14. Nc3 Bg4
15. Re1 Bb4 16. Bf4 Rad8 17. Kg2 Nd4 18. Rac1 b5 19. Re3 Bxc3 20. Rcxc3 Ne2 21.
Ra3 Nxf4+ 22. gxf4 Rd2 23. Rxa7 Rxb2 24. Bd5 Bh5 25. Re5 Bg6 26. h4 h5 27. f5
Bh7 28. Rxf7 Rd8 29. Rd7+ 1-0

[Event "Cto de Aragon por Equipos – Preferente Grupo I"]
[Site ""]
[Date "2022.03.12"]
[Round "7.32"]
[White "Dominguez Luzon, Fernando"]
[Black "Carruez Berges, Fernando"]
[Result "1-0"]
[WhiteElo "1940"]
[BlackElo "2012"]
[PlyCount "0"]
[WhiteTeam "Delicias B"]
[BlackTeam "Agrupacion B"]
[EventDate "2022.01.29"]

1. e4 e6 2. d4 d5 3. Nc3 Bb4 4. e5 c5 5. a3 Bxc3+ 6. bxc3 Ne7 7. Nf3 Qa5 8. Bd2
Nbc6 9. Bd3 c4 10. Be2 Bd7 11. O-O f6 12. Re1 fxe5 13. dxe5 Ng6 14. Nd4 O-O-O
15. Bg4 Nxd4 16. cxd4 c3 17. Bg5 Rdf8 18. g3 h6 19. Qd3 Nxe5 20. Rxe5 hxg5 21.
Bxe6 Bxe6 22. Rxe6 Re8 23. Qf5 Rxe6 24. Qxe6+ Kb8 25. Qe5+ Ka8 26. Qxg5 a6 27.
Qxg7 Rb8 28. Qg6 Qb5 29. Re1 a5 30. Re3 Rc8 31. Qf5 Rc4 32. Qd3 Qa4 33. Re5
Qxa3 34. Rxd5 Rb4 35. Rc5 Rb1+ 36. Kg2 Qc1 37. Qxc3 1-0

[Event "Cto de Aragon por Equipos – Preferente Grupo I"]
[Site ""]
[Date "2022.03.12"]
[Round "7.34"]
[White "Garcia Lopez, Antonio"]
[Black "Carruez Berges, Santiago"]
[Result "0-1"]
[WhiteElo "1714"]
[BlackElo "1971"]
[PlyCount "0"]
[WhiteTeam "Delicias B"]
[BlackTeam "Agrupacion B"]
[EventDate "2022.01.29"]

1. d4 Nf6 2. Nf3 g6 3. e3 Bg7 4. Bd3 d6 5. c3 O-O 6. h3 Nbd7 7. e4 e5 8. O-O
Re8 9. Bg5 h6 10. Bxf6 Nxf6 11. d5 Nh5 12. Kh2 Nf4 13. Bc2 Rf8 14. Nbd2 h5 15.
Ng1 h4 16. g3 hxg3+ 17. fxg3 Nh5 18. Qe1 Bh6 19. Bd1 Qg5 20. Ndf3 Qe3 21. Qxe3
Bxe3 22. Nh4 Ng7 23. g4 Kh7 24. Ng2 Bxg1+ 25. Rxg1 f5 26. exf5 gxf5 27. Bc2 Kh6
28. Raf1 Bd7 29. g5+ Kg6 30. h4 Rh8 31. Kg3 Raf8 32. Kf2 Nh5 33. Ke1 Kg7 34.
Rf3 f4 35. Be4 Ng3 36. Bc2 Bh3 37. Kf2 Bxg2 38. Rxg2 Rxh4 39. g6 e4 0-1

[Event "Cto de Aragon por Equipos – Preferente Grupo I"]
[Site ""]
[Date "2022.03.12"]
[Round "7.35"]
[White "Carruez Gracia, Eduardo"]
[Black "Martinez Blanco, Ruben"]
[Result "1/2-1/2"]
[WhiteElo "1934"]
[BlackElo "1051"]
[PlyCount "0"]
[WhiteTeam "Agrupacion B"]
[BlackTeam "Delicias B"]
[EventDate "2022.01.29"]

1. e4 c5 2. Nf3 Nc6 3. b3 d6 4. Bb2 Nf6 5. Nc3 g6 6. a3 Bg7 7. Bd3 O-O 8. Qe2
a6 9. Nd1 d5 10. e5 Ne4 11. Bxe4 dxe4 12. Qxe4 Bf5 13. Qc4 Rc8 14. Ne3 Nd4 15.
Nxd4 cxd4 16. Qxd4 Qxd4 17. Bxd4 Bxc2 18. Nxc2 Rxc2 19. Bc3 Rd8 20. f4 f6 21.
Rf1 fxe5 22. fxe5 Rd5 23. Rf3 Bxe5 24. Bxe5 Rxe5+ 25. Kd1 Rec5 26. b4 Rc7 27.
Rb1 R2c4 28. Rbb3 Kg7 29. a4 Rh4 30. Rh3 Rcc4 31. Rxh4 Rxh4 32. h3 Rf4 33. Ke2
Kf6 34. g3 Rd4 35. d3 a5 36. bxa5 Rxa4 37. Rb6+ Kf7 38. Rb5 Kf6 39. Kd2 h6 40.
Kc3 h5 41. Kb3 Rd4 42. Kc3 Ra4 1/2-1/2

[Event "Cto de Aragon por Equipos – Preferente Grupo I"]
[Site ""]
[Date "2022.03.12"]
[Round "7.36"]
[White "Planas Torrea, Francisco Javier"]
[Black "Muro Guerrero, Miguel"]
[Result "0-1"]
[WhiteElo "2076"]
[BlackElo "1906"]
[PlyCount "0"]
[WhiteTeam "Ejea"]
[BlackTeam "Dr. Azua"]
[EventDate "2022.01.29"]


1. e4 e5 2. Nf3 Nc6 3. Bc4 Nf6 4. d3 Be7 5. c3 O-O 6. Qe2 d5 7. Bb3 Bg4 8. Nbd2 
Re8 
9. Nf1 a5 10. a4 Bf8 11. Bg5 d4 12. Ng3 h6 13. Bd2 Qd7 14. h3 Be6 15. Bc2
 Rad8 
16. O-O Bc5 17. Nh4 dxc3 18. bxc3 Bxh3 19. Be3 Bxe3 20. Qxe3 Be6 21. Ngf5
 Ne7 
22. Qf3 Nxf5 23. Nxf5 Bxf5 24. exf5 Nd5 25. Rfe1 b6 26. Re4 Nxc3 27. Rg4 Qd5

28. f6 Qxf3 29. Rxg7+ Kh8 30. gxf3 Rg8 31. Rxg8+ Rxg8+ 32. Kf1 Rg6 33. Bb3 Rxf6

34. Rc1 Rc6 35. Bxf7 Rc5 36. Ra1 Kg7 37. Bc4 Kf6 38. Ke1 Nd5 39. Kd2 Nf4 40. Rg1

h5 41. Ke3 Rc6 42. Ke4 Rd6 43. Rg8 Rd4+ 44. Ke3 Nd5+ 45. Bxd5 Rxd5 46. Rh8 Rd4

47. Rxh5 Ke6 48. Rh6+ Kd5 49. Rh7 c6 50. Rd7+ Kc5 51. Re7 Kd6 52. Rb7 Rb4 53.
Rb8 b5 
54. axb5 cxb5 55. Rb6+ Kd5 56. Rb8 a4 57. Kd2 Rb2+ 58. Kc1 a3 59. Rd8+

Kc5 60. Re8 Kd4 61. Rd8+ Kc3 62. Rd5 Rxf2 63. Rc5+ Kxd3 64. Rd5+ Kc3 65. Rc5+

Kb4 66. Rxe5 a2 0-1

[Event "Cto de Aragon por Equipos – Preferente Grupo I"]
[Site ""]
[Date "2022.03.12"]
[Round "7.37"]
[White "Garcia Garcia, Enrique"]
[Black "Planas Torrea, Alberto"]
[Result "1-0"]
[WhiteElo "1788"]
[BlackElo "1905"]
[PlyCount "0"]
[WhiteTeam "Dr. Azua"]
[BlackTeam "Ejea"]
[EventDate "2022.01.29"]

1. d4 d5 2. Nf3 c6 3. c4 e6 4. Nc3 Bd6 5. e4 dxe4
6. Nxe4 Nf6 7. Bd3 Nxe4 8. Bxe4 Nd7 9. O-O Nf6 10. Bc2 b6 11. Re1 Bb7 12. Bg5
Be7 13. Qe2 O-O 14. Rad1 Re8 15. Ne5 Qc7 16. Bxf6 Bxf6 17. Qh5 g6 18. Qf3 Bxe5
19. dxe5 c5 20. Qf6 Rad8 21. h4 Rxd1 22. Rxd1 Qe7 23. Ba4 Qxf6 24. exf6 Rb8 25.
Rd7 h5 26. f3 a6 27. Kf2 b5 28. cxb5 axb5 29. Bxb5 Bxf3 30. a4 Bd5 31. g3 Rb7
32. Rxb7 Bxb7 33. Ke3 e5 34. a5 Kf8 35. a6 Bd5 36. a7 e4 37. Ba4 1-0

[Event "Cto de Aragon por Equipos – Preferente Grupo I"]
[Site ""]
[Date "2022.03.12"]
[Round "7.38"]
[White "Merin Flores, Miguel Angel"]
[Black "Abenia Porroche, Roberto"]
[Result "0-1"]
[WhiteElo "1710"]
[BlackElo "1670"]
[PlyCount "0"]
[WhiteTeam "Ejea"]
[BlackTeam "Dr. Azua"]
[EventDate "2022.01.29"]

1. d4 c5 2. e3 e6 3. Nf3 Nf6 4. Bd3 cxd4 5. exd4 Be7 6. O-O O-O 7. Re1 b6 8.
Nbd2 Bb7 
9. c3 Nd5 10. Nf1 f5 11. Bd2 Nc6 12. Qe2 a5 13. Rac1 Bd6 14. Bc4 Nf6

15. Bg5 Ne7 16. h3 Qc7 17. Rcd1 Bxf3 18. gxf3 h6 19. Bxf6 Rxf6 20. Kh1 Ng6 
21.
Ne3 Nf4 22. Qf1 Kh8 23. Be2 Raf8 24. Nc4 Be7 25. Ne5 d6 26. Nd3 Nd5 27. f4 Rg6

28. Bh5 Rgf6 29. Re2 g5 30. fxg5 hxg5 31. Bf3 Rh6 32. Bxd5 exd5 33. Rde1 Bf6

34. Kg2 g4 35. hxg4 Qg7 36. f3 fxg4 37. f4 g3 38. Kf3 Qg6 39. Re6 Rh2 40. a3

Qh5+ 41. Ke3 Qg4 42. Rxd6 g2 43. Qf2 Bh4 44. Rh6+ Kg7 45. Rxh4 Rxh4 46. Rg1

Rh3+ 47. Kd2 Rg3 48. a4 Kh6 49. Qe2 Qh3 50. Nf2 Qh4 51. Qe6+ Rf6 52. Qe5 Qxf4+

53. Qxf4+ Rxf4 54. Ke2 Rf8 55. Nd1 Kh5 56. Nf2 Kh4 57. Ke1 Re3+ 58. Kd2 Ref3

59. Nd3 Kg3 60. Ne1 Rf2+ 0-1

[Event "Cto de Aragon por Equipos – Preferente Grupo I"]
[Site ""]
[Date "2022.03.12"]
[Round "7.39"]
[White "Flores Samperiz, Jorge"]
[Black "Sanjuan Segura, Ignacio"]
[Result "1-0"]
[WhiteElo "1939"]
[BlackElo "1681"]
[PlyCount "0"]
[WhiteTeam "Helios B"]
[BlackTeam "Palacio De Pioneros D"]
[EventDate "2022.01.29"]

1. d4 Nf6 2. c4 e6 3. Nc3 Bb4 4. Nf3 b6 5. e3 O-O 6. Bd3 Bb7 7. O-O d6 8. Bd2
Nbd7 9. a3 Bxc3 10. Bxc3 Ne4 11. Bxe4 Bxe4 12. Qe2 f5 13. Nd2 Bb7 14. f3 c5 15.
b4 Qe7 16. b5 Rae8 17. a4 cxd4 18. exd4 e5 19. d5 Nc5 20. a5 e4 21. fxe4 Nxe4
22. Bd4 Qh4 23. Nf3 Qd8 24. Qd3 Qc7 25. axb6 axb6 26. Ra7 Ra8 27. Rfa1 Rxa7 28.
Rxa7 Ra8 29. Rxa8+ Bxa8 30. Be3 Bb7 31. Ng5 Nxg5 32. Bxg5 Bc8 33. Qd4 Kf7 34.
h4 Bd7 35. Qe3 Kg6 36. Qe7 h6 37. Be3 f4 38. Bd4 Qxc4 39. Qxg7+ Kh5 40. Qf7+
1-0

[Event "Cto de Aragon por Equipos – Preferente Grupo I"]
[Site ""]
[Date "2022.03.12"]
[Round "7.40"]
[White "Campana Valencia, Lidia"]
[Black "Carraminana Lopez, Luis Antonio"]
[Result "0-1"]
[WhiteElo "1560"]
[BlackElo "1910"]
[PlyCount "0"]
[WhiteTeam "Palacio De Pioneros D"]
[BlackTeam "Helios B"]
[EventDate "2022.01.29"]

1. e4 e5 2. Nf3 Nc6 3. Bc4 Bc5 4. c3 Nf6 5. d3 d6 6. O-O h6 7. Re1 O-O 8. Bb3
a5 9. d4 Bb6 10. Qd3 a4 11. Bd1 d5 12. dxe5 Nxe4 13. Be3 Bxe3 14. Rxe3 Bf5 15.
Qe2 f6 16. exf6 Qxf6 17. Qb5 Ne7 18. Qe2 Ng6 19. Nd4 Nf4 20. Qf3 Bg4 0-1

[Event "Cto de Aragon por Equipos – Preferente Grupo I"]
[Site ""]
[Date "2022.03.12"]
[Round "7.41"]
[White "Lacamara Pasamar, Miguel"]
[Black "Crespo Laborda, Alberto"]
[Result "1-0"]
[WhiteElo "1769"]
[BlackElo "1552"]
[PlyCount "0"]
[WhiteTeam "Helios B"]
[BlackTeam "Palacio De Pioneros D"]
[EventDate "2022.01.29"]

1. e4 e6 2. d3 d5 3. Nd2 Nf6 4. Ngf3 c5 5. g3 Nc6 6. Bg2 Be7 7. O-O O-O 8. e5
Nd7 9. Re1 Qc7 10. Qe2 b6 11. Nf1 Bb7 12. Bf4 Nb4 13. a3 Nc6 14. h4 h6 15. N1h2
g5 16. hxg5 hxg5 17. Nxg5 Bxg5 18. Qg4 Ne7 19. Qxg5+ Ng6 20. Ng4 Rfc8 21. Nf6+
Nxf6 22. exf6 Qd8 23. Rxe6 Rc6 24. Re7 Ba6 25. Bxd5 Rxf6 26. Re8+ Qxe8 27. Qxf6
Nxf4 28. Bxa8 Ne2+ 29. Kf1 Nd4 30. Qg5+ Kh8 31. Qh6+ Kg8 32. Be4 Nxc2 33. Qh7+
Kf8 34. Qh8+ Ke7 35. Qxe8+ Kxe8 36. Rc1 Nd4 37. b4 f5 38. Bd5 Bxd3+ 39. Kg2 Nc2
40. bxc5 bxc5 41. Bb3 Be4+ 42. f3 Bxf3+ 43. Kxf3 Nd4+ 44. Ke3 Nxb3 45. Rc3 f4+
46. gxf4 c4 47. Rxc4 Na5 48. Rc7 a6 49. Kd3 Kd8 50. Ra7 Nb3 51. Kc4 Na5+ 52.
Kd5 Kc8 53. Rxa6 Nb7 54. Ra8+ Kc7 55. Ra7 1-0

[Event "Cto de Aragon por Equipos – Preferente Grupo I"]
[Site ""]
[Date "2022.03.12"]
[Round "7.43"]
[White "Montes Santos, Lorenzo"]
[Black "Dominguez Bujeda, Jesus"]
[Result "1/2-1/2"]
[WhiteElo "2048"]
[BlackElo "2083"]
[PlyCount "0"]
[WhiteTeam "Las Fuentes"]
[BlackTeam "Teruel"]
[EventDate "2022.01.29"]

1. Nf3 Nf6 2. c4 e6 3. g3 d5 4. Bg2 Be7 5. 0-0 0-0 6. cxd5 exd5 7. d4 c6 8. Nc3 Re8 
9. Bf4 Nbd7 10. Rb1 Nb6 11. b4 Bf5 12. Rb3 a6 13. Ne5 Nfd7 14. Nd3 Bxd3 15. Qxd3 
Nf6 16. a4 Bd6 17. Bg5 h6 18. Bxf6 Qxf6 19. e3 Qe6 20. Rc1 Bf8 21. Bf1 h5 22. Qd1 
h4 23. b5 cxb5 24. axb5 a5 25. Na2 Bd6 26. Bd3 g6 27. Rbc3 Kg7 28. Qf3 hxg3 29. 
hxg3 Rh8 30. Bf1 Rh5 31. R3c2 Rah8 32. Bg2 Rf5  1/2-1/2

[Event "Cto de Aragon por Equipos – Preferente Grupo I"]
[Site ""]
[Date "2022.03.12"]
[Round "7.44"]
[White "Gomez Calomarde, Saul"]
[Black "Matamoros Villarreal, Antonio"]
[Result "1-0"]
[WhiteElo "2023"]
[BlackElo "1883"]
[PlyCount "0"]
[WhiteTeam "Teruel"]
[BlackTeam "Las Fuentes"]
[EventDate "2022.01.29"]

1. Nf3 Nf6 2. b3 b6 3. Bb2 Bb7 4. c4 c5 5. Nc3 g6 6. Nd5 Bg7 7. Nxf6+ Bxf6 8. Bxf6 
exf6 9. d4 cxd4 10. Qxd4 Qe7 11. e3 Nc6 12. Qd2 Rd8 13. Rd1 Qb4 14. Be2 Qxd2+ 15. 
Rxd2 Ne5 16. 0-0 Nxf3+ 17. Bxf3 Bxf3 18. gxf3 d6 19. Rfd1 Ke7 20. Kg2 Rd7 21. Kg3 
Rhd8 22. Kf4 Ke6 23. Rd5 Rc8 24. R1d4 Ke7 25. Re4+ Kf8 26. h4 h5 27. Rd2 Re8 28. 
Red4 Ke7 29. Ke4 Red8 30. f4 f5+ 31. Kf3 Ke6 32. Rd5 Rc8 33. Ke2 Rc5 34. R5d4 Rc8 
35. f3 Rcd8 36. Rd5 f6 37. e4 Rg8 38. Ke3 Rgg7 39. Kd4 Rg8 40. exf5+ gxf5 41. Re2+ 
Kf7 42. Rxf5  1-0

[Event "Cto de Aragon por Equipos – Preferente Grupo I"]
[Site ""]
[Date "2022.03.12"]
[Round "7.46"]
[White "Garcia Monterde, Francisco Jose"]
[Black "Chueca Lorente, Javier"]
[Result "0-1"]
[WhiteElo "1801"]
[BlackElo "2119"]
[PlyCount "0"]
[WhiteTeam "IberCaja B"]
[BlackTeam "MyInvestor Casablanca B"]
[EventDate "2022.01.29"]

1. c4 c5 2. Nc3 g6 3. g3 Bg7 4. Bg2 Nc6 5. d3 e6 6. e3 Nge7 7. Nge2 O-O 8. O-O
Rb8 9. a3 a6 10. d4 d6 11. Rb1 b5 12. cxb5 axb5 13. b4 cxd4 14. exd4 Qb6 15. d5
exd5 16. Nxd5 Nxd5 17. Bxd5 Re8 18. Be3 Qa6 19. Rc1 Ne5 20. Qb3 Bb7 21. Rc7
Bxd5 22. Qxd5 Qxa3 23. Bd4 Qf3 24. Qa2 Nc4 25. Bxg7 Rxe2 26. Qa1 Ne3 0-1